LEADER 01094nam0-2200337---450- 001 990008667770403321 005 20081030114259.0 010 $a978-1-84720-115-7 035 $a000866777 035 $aFED01000866777 035 $a(Aleph)000866777FED01 035 $a000866777 100 $a20080603d2008----km-y0itay50------ba 101 0 $aeng 102 $aGB 105 $ay---ac--001yy 200 1 $aTaxes and the economy$ea survey of the impact of taxes on growth, employment, investment, consumption and the environment$fWillem Vermeend, Rick van der Ploeg and Jan Willem Timmer 210 $aCheltenham$aNorthampton$cEdward Elgar$dc2008 215 $aVIII, 504 p.$d24 cm 320 $aBibliografia: p. 452-478 610 0 $aImposte 700 1$aVermeend,$bWillem A.$0503440 701 1$aPloeg,$bFrederick van der$f<1956- >$0122184 701 1$aTimmer,$bJan Willem$0308766 801 0$aIT$bUNINA$gRICA$2UNIMARC 901 $aBK 912 $a990008667770403321 952 $aH3.166$b857/DE$fDECTS 959 $aDECTS 996 $aTaxes and the economy$9717619 997 $aUNINA LEADER 01728nam 2200409 n 450 001 996396391303316 005 20221108095924.0 035 $a(CKB)4330000000334266 035 $a(EEBO)2240892804 035 $a(UnM)99840240 035 $a(EXLCZ)994330000000334266 100 $a19910206d1619 uy | 101 0 $aeng 135 $aurbn||||a|bb| 200 12$aA treatise tending vnto a declaration, whether a man be in the estate of damnation, or in the estate of grace$b[electronic resource] $eand if he be in the first, how he may in time come out of it: if in the second, how he may discernet it, and perseuere in the same to the end. Reuiewed and corrected by the author 210 $aPrinted at London $cBy Iohn Legat, and are to be sold by Arthur Iohnson$d1619 215 $a[12], 520 p 300 $a"The epistle dedicatorie" signed: William Perkins. 300 $aPartly reprinted from his "Foure treatises, necessarie to be considered of all Christians". 300 $aSeveral pages stained. 300 $aReproduction of the original in the Folger Shakespeare Library. 330 $aeebo-0055 606 $aChristian ethics$vEarly works to 1800 606 $aTheology, Doctrinal$vEarly works to 1800 606 $aGrace (Theology)$vEarly works to 1800 615 0$aChristian ethics 615 0$aTheology, Doctrinal 615 0$aGrace (Theology) 700 $aPerkins$b William$f1558-1602.$0941563 801 0$bCu-RivES 801 1$bCu-RivES 801 2$bCStRLIN 801 2$bWaOLN 906 $aBOOK 912 $a996396391303316 996 $aA treatise tending vnto a declaration, whether a man be in the estate of damnation, or in the estate of grace$92308885 997 $aUNISA